000 01480nam a22002897a 4500
001 2004
003 FISKH
005 20250828101132.0
008 231025b cb ||||| |||| 00| 0 eng d
020 _a9781584767220
040 _aFISKH
_beng
_cFISKH
_dFISKH
082 _a741.5973
100 _aWax, Wendy
245 _aA tale of too many cities :
_bOtis C. mouse, egypt /
260 _aWashington :
_bInnovative Kids,
_c2008.
300 _a24 unnumbered pages :
_bcolor illustrations ;
_c23 cm
490 _aPhonics Comics
_vStory 3
505 _aG
520 _axhilarating adventures, daring heroes, magic, time travel and much, much more! Each cool 24-page comic book feature three exciting, phonetically decodable stories. Developed and leveled with the help of reading specialists, these 6" x 9" paperbacks are easy to read and hard to put down! Fountas and Pinnell Guided Reading leveled! Otis C. Mouse lives a happy life in New York City-until he accidentally gets whisked away to Egypt. His epic adventure begins with a whirlwind tour of the country's history and culture. Keep your eyes peeled for future adventures as Otis travels the world trying to get home. Where will he end up next? It's a tale of too many cities!
521 8 _a400
_bLexile GN
521 8 _aG
_bRaz-Plus
650 _aMouse
_vFiction
_xComics
650 _aEgypt
_vTale
650 _aMany cities
700 _aSlocum, Bradley
_eillustrator
942 _2ddc
_cBK
_n0
999 _c2004
_d2004